000 00961cam a22003017a 4500
001 15377973
005 20180123093437.0
008 080723s2008 nyu b 001 0 eng
010 _a 2008298089
015 _aGBA769447
_2bnb
016 7 _a013829674
_2Uk
020 _a088163462X (cloth : alk. paper)
020 _a9780881634624 (cloth : alk. paper)
035 _a(OCoLC)ocn166627961
040 _aUKM
_cUKM
_dBTCTA
_dBAKER
_dYDXCP
_dDLC
041 _aeng
042 _alccopycat
080 _a616.8900835 loi
082 0 0 _a616.8900835 loi
_222
100 _a49
101 _apsi
245 0 0 _aAdolescent psychiatry /
_cLois Flaherty, editor.
504 _aIncludes bibliographical references and index.
906 _a7
_bcbc
_ccopycat
_d2
_encip
_f20
_gy-gencatlg
942 _2ddc
_cBK
999 _c40806
_d40806